| 000 | 00472nam a22001697a 4500 | ||
|---|---|---|---|
| 999 |
_c2263 _d2263 |
||
| 005 | 20181010185742.0 | ||
| 008 | 181010b ||||| |||| 00| 0 eng d | ||
| 040 | _cDLC | ||
| 082 |
_a800 _bH7411T |
||
| 100 | _aHollinger, Emma Viola | ||
| 245 |
_aThings I Want to Know About _cEmma Viola Hollinger |
||
| 260 |
_aIllinois _bGood New Publishers _c1970 |
||
| 300 | _a96p,; | ||
| 500 | _aIncludes Appendix and Footnotes [93-96] | ||
| 650 | _xchristian life | ||
| 942 |
_2ddc _cBK |
||